|
|
|
|
| LEADER |
00000cam a2200000 a 4500 |
| 001 |
vtls008349803 |
| 003 |
SK-MaSNL |
| 005 |
20260301183024.0 |
| 008 |
180814s1974 xo 000 0 slo |
| 015 |
|
|
|a SNBA1974/11-02958
|
| 035 |
|
|
|a SK01SNK19740042020
|
| 035 |
|
|
|a SKM000044483
|
| 040 |
|
|
|a SNK
|b slo
|c SNK
|e AACR2
|
| 041 |
1 |
|
|a slo
|h cze
|
| 044 |
|
|
|a xo
|c SK
|
| 080 |
|
|
|a 371.214:377.35:796
|2 1981
|
| 080 |
|
|
|a 377.35
|2 1981
|
| 080 |
|
|
|a 796
|2 1981
|
| 245 |
0 |
0 |
|a Dočasné učebné osnovy pre experimertálne učebné odbory s maturitou
|b telesná výchova - športové hry, branná výchova
|c [z čes. orig.] prel. Alexander Mesiar, Jozef Chladný
|
| 260 |
|
|
|a Bratislava
|b Slovenské pedagogické nakladateľstvo
|c 1974
|
| 300 |
|
|
|a 95 s.
|c 4°
|
| 366 |
|
|
|e 230 výt
|
| 650 |
0 |
7 |
|a telovýchova
|2 SNKPH
|9 1044
|
| 650 |
0 |
7 |
|a špúortové hry
|2 SNKPH
|9 557712
|
| 650 |
0 |
7 |
|a branná výchova
|2 SNKPH
|9 71875
|
| 655 |
|
7 |
|a učebné osnovy
|2 sNKPH
|9 60479
|
| 700 |
1 |
|
|a Mesiar, Alexander
|4 trl
|9 279538
|
| 700 |
1 |
|
|a Chladný, Jozef
|4 trl
|9 378990
|
| 852 |
|
|
|a Slovenská národná knižnica v Martine
|b 10000
|h SB 21504
|
| 852 |
|
|
|a Slovenská národná knižnica v Martine
|b 10000
|h SB 21504 D1
|
| 958 |
|
|
|a OND
|
| 958 |
|
|
|a RM
|
| 958 |
|
|
|a RK
|
| 958 |
|
|
|a OP
|
| 958 |
|
|
|a CZ
|
| 999 |
|
|
|c 855595
|d 857525
|
| 952 |
|
|
|a SNK
|b SNK
|y PREZ
|7 0
|p 17A0920103
|o snkSB 21504
|i snkKSP 7710/74
|0 0
|1 0
|4 0
|d 2014-04-30
|f 1
|l 0
|r 2025-03-24 00:00:00
|w 2026-02-24
|